000 00549nam a22002057a 4500
003 KOHA_MİRAKIL
005 20260330094213.0
008 260330b tu ||||| |||| 00| 0 tur d
020 _a9786057432827
040 _aTR-AnABB
_btur
_cTR-AnABB
041 _atur
082 _a320.9
_bYOR 2021
100 1 _aYörük, Reşat
245 1 0 _aAziz /
_cReşat Yörük
250 _a3. baskı
260 _aİzmir :
_bVaryant Yayıncılık,
_c2021
300 _a208 sayfa ;
_c20 cm
650 0 4 _aSiyasi tarih, Türkiye
942 _2ddc
_cBK
999 _c10065
_d10065
900 _bCan ÇELIK